| 000 | 01269nkm a2200289 i 4500 | ||
|---|---|---|---|
| 001 | 3343 | ||
| 003 | ES-MaACL | ||
| 005 | 20250713062645.0 | ||
| 007 | khrbo | ||
| 008 | 051017s1984 sp --- g |001||spa d | ||
| 100 | 0 |
_aAlfonso, _d1902-1990 _919858 |
|
| 245 | 1 | 0 |
_aPresentación de la revista Areopago [ _hFotografía] / _cAlfonso (sello). |
| 260 |
_a[S.l. : _bs.n.], _c1984. |
||
| 300 |
_a7 fot. : _bb. y n. ; _c12 x 18 cm. |
||
| 500 | _aDatos basados en invitación. | ||
| 511 | 0 | _aIntervienen: Esteban S. Barcia, José Prat, Fernando G. Casal. | |
| 518 | _aActo organizado por el Ateneo de Madrid en colaboración con la Liga Madrileña de la Enseñanza y la Cultura Popular, celebrado en la cacharrería el jueves, 10 de mayo de 1984, a las 19:00 h. | ||
| 600 | 1 | 4 |
_aBarcia, Esteban S. _925540 |
| 600 | 1 | 4 |
_aPrat, José, _d1905-1994 _993665 |
| 600 | 1 | 4 |
_aCasal, Fernando G. _936045 |
| 610 | 2 | 4 |
_aAteneo de Madrid- _xActos culturales- _y1984- _vFotografías. _91898 |
| 710 | 2 |
_aAteneo de Madrid. _91875 |
|
| 710 | 2 |
_aLiga Madrileña de la Enseñanza y la Cultura Popular. _95536 |
|
| 852 |
_aES-MaACL _jFOT 50/1984 |
||
| 856 | 4 |
_uhttp://www.ateneodemadrid.net/biblioteca_digital/imagenes/1984/0050-1984.jpg _zVer imagen |
|
| 999 |
_c3343 _d3343 |
||